Six enneads (Record no. 36144)

MARC details
000 -LEADER
fixed length control field 00253nam a2200109Ia 4500
082 ## - DEWEY DECIMAL CLASSIFICATION NUMBER
Classification number 159.9
Item number PLO
100 ## - MAIN ENTRY--AUTHOR NAME
Personal name Plotinus
245 #0 - TITLE STATEMENT
Title Six enneads
260 ## - PUBLICATION, DISTRIBUTION, ETC. (IMPRINT)
Place of publication Chicago
Name of publisher William Benton
Year of publication 1952
942 ## - ADDED ENTRY ELEMENTS (KOHA)
Koha item type Books
Holdings
Withdrawn status Lost status Damaged status Not for loan Home library Current library Date acquired Cost, normal purchase price Full call number Accession Number Koha item type
        RRII Library RRII Library 16/12/2021 5000.00 159.9 PLO 16557 Books